| 000 | 02653cam a22004454i 4500 | ||
|---|---|---|---|
| 999 |
_c64548 _d64548 |
||
| 001 | 14884315 | ||
| 003 | CO-MdFUSB | ||
| 005 | 20180919113530.0 | ||
| 008 | 070608t2007 nyu g b 011 0 eng | ||
| 010 | _a 2007023992 | ||
| 020 | _a9781570757457 | ||
| 020 | _a1570757453 | ||
| 040 |
_aDLC _cCO-MdFUSB _dCO-MdFUSB _bspa _erda |
||
| 041 | _aeng | ||
| 082 | 0 | 0 |
_224 _aG 220.6 _bB728b |
| 245 | 1 | 0 |
_aBorder crossings _b: cross-cultural hermeneutics _c/ editado por D.N. Premnath. |
| 264 |
_aMaryknoll, N.Y. : _bOrbis Books, _c℗2007 |
||
| 264 | 4 | _c©2007 | |
| 300 |
_axi, 179 páginas ; _c24 cm. |
||
| 336 |
_2rdacontent _atexto _btxt |
||
| 337 |
_2rdamedia _asin mediación _bn |
||
| 338 |
_2rdacarrier _avolumen _bnc |
||
| 500 | _a"Essays in honor of "R.S. Sugirtharajah"--p. [v]. | ||
| 501 | _aIncluye índice (páginas 173- 179) | ||
| 504 | _a"Works by R.S. Sugirtharajah": páginas 167-169. | ||
| 505 | 0 | _aAdelante: Una palabra de gratitud y felicitaciones "desde el margen" / Fernando F. Segovia -- Introducción / DN Premnath -- Parte 1. Perspectivas bíblicas: -- 1. Abram y Sarai cruzan la frontera: leyendo Génesis 12: 10-20 con gente en movimiento / Jean-Pierre Ruiz -- 2. Akkamahadevi y la mujer samaritana: paradigmas de resistencia y espiritualidad / Monica Jyotsna Melanchthon -- 3. Una historia de dos conversiones: los poderosos son derribados y los humildes son reacios / Charles Amjad-Ali -- 4. Crítica hermenéutica bíblica de Li Rongfang: en el contexto socio-intelectual de China / Archie CC Lee -- Parte 2. Perspectivas teológicas: -- 5. Que Dios sea Bod: cruzar fronteras como una práctica teológica / M. Thomas Thangaraj -- 6. Una teología del pasaje fronterizo / Kwok Pui-lan -- Parte 3. Perspectivas pedagógicas: -- 7. Transformación curricular: soñar con la descolonización en estudios teológicos / Musa W. Dube -- 8. " Despertar" a un nuevo enfoque de la Biblia / S. Wesley Ariarajah -- Parte 4. Por Perspectivas sonales: -- 9. Márgenes y mainstream: una entrevista con R. S. Sugirtharajah / D. N. Premnath | |
| 630 | 0 | 7 |
_aBiblia _xCrítica, interpretación, etc. |
| 650 | 7 |
_aHermenéutica _9418 |
|
| 700 | 1 | _aPremnath, Devadasan Nithya. | |
| 700 | 1 |
_aSugirtharajah, R. S. _q(Rasiah S.) |
|
| 906 |
_a7 _bcbc _corignew _d1 _eecip _f20 _gy-gencatlg |
||
| 942 | _cBK | ||